[Event "SVR-ch HT 29th"]
[Site "Koblenz"]
[Date "2006.04.08"]
[Round "2"]
[White "Petersen, Kay"]
[Black "Schloeffel, Florian"]
[Result "1-0"]
[WhiteElo "1484"]
[BlackElo "814"]
[PlyCount "109"]
[EventDate "2006.04.08"]
[EventType "swiss"]
[EventRounds "7"]
[EventCountry "GER"]
[SourceTitle "EXT 2009"]
[Source "ChessBase"]
[SourceDate "2008.11.26"]
[SourceVersion "1"]
[SourceVersionDate "2008.11.26"]
[SourceQuality "1"]

1. d4 d5 2. c4 Be6 3. cxd5 Bxd5 4. Nc3 Nf6 5. e3 e6 6. Nf3 c5 7. Nxd5 Qxd5 8. Bb5+ Nfd7 9. 0-0 a6 10. Bd3 e5 11. dxe5 Nxe5 12. Nxe5 Qxe5 13. Qc2 Bd6 14. f4 Qh5 15. Be2 Qd5 16. Bf3 Qe6 17. b3 0-0 18. Bb2 Ra7 19. Qc3 Qh6 20. Rad1 Be7 21. Bc1 b6 22. Rd5 Nc6 23. Rh5 Qg6 24. Rh3 Bf6 25. Qc4 Qb1 26. Bxc6 Qxa2 27. Be4 h6 28. Rhf3 Re7 29. R3f2 Qa5 30. Bd2 Qb5 31. Qc2 Rfe8 32. Bd3 c4 33. Bxc4 Qd7 34. Re1 b5 35. Bf1 g5 36. fxg5 Bxg5 37. Rf3 Qa7 38. Rg3 f6 39. Kf2 Qd7 40. h4 Re4 41. hxg5 Qf5+ 42. Rf3 Qxg5 43. Rg3 Rg4 44. Rxg4 Qxg4 45. Kg1 Qg3 46. e4 Re5 47. Re3 Qh4 48. Be1 Qf4 49. Rg3+ Kf7 50. Qc7+ Kf8 51. Bb4+ Rc5 52. Qxf4 Kf7 53. Bxc5 Ke6 54. Qf5+ Kf7 55. Qd7# 1-0